Understanding Engineering Desing - Context, theory & Practice (Record no. 4927)

MARC details
000 -LEADER
fixed length control field 00454nam a2200169Ia 4500
008 - FIXED-LENGTH DATA ELEMENTS--GENERAL INFORMATION
fixed length control field 221030s9999 xx 000 0 und d
020 ## - INTERNATIONAL STANDARD BOOK NUMBER
ISBN 8120313658
041 ## - LANGUAGE CODE
Language code of text/sound track or separate title
082 ## - DEWEY DECIMAL CLASSIFICATION NUMBER
Classification number 105.23
Item number Bir
100 ## - MAIN ENTRY--AUTHOR NAME
Personal name R. Birmingham
245 #0 - TITLE STATEMENT
Title Understanding Engineering Desing - Context, theory & Practice
Statement of responsibility, etc by R. Birmingham, G. Cleland
260 ## - PUBLICATION, DISTRIBUTION, ETC. (IMPRINT)
Name of publisher PHI
Place of publication New Delhi
Year of publication 1998
300 ## - PHYSICAL DESCRIPTION
Number of Pages 159
650 ## - SUBJECT ADDED ENTRY--TOPICAL TERM
Topical Term BE Computer
700 ## - ADDED ENTRY--PERSONAL NAME
Personal name G. Cleland
942 ## - ADDED ENTRY ELEMENTS (KOHA)
Koha item type Books
Holdings
Accession Number Cost, normal purchase price Full call number Price effective from Koha item type Withdrawn / writtenoff status Materials specified (bound volume or other part) Damaged status Not for loan Permanent Location Current Location Shelving location Date acquired Lost/ Missing status department
BE 1113 75.00 105.23 Bir 10/30/2022 Books   Print     MIET Library, Jammu MIET Library, Jammu BL-Academic Block C, FL-2, CUP-93, SH-1, R-1 03/16/2000   BE